Southville International School and Colleges
Your cart is empty.
  • Cart
  • Lists
    Public lists Eva Luna New books Lux_list list_1
    Your lists Log in to create your own lists
  • Log in to your account
  • Your cookies
  • Search history
Southville International School and Colleges
  • Advanced search
  • Recent comments
  • Most popular
  • Libraries

Log in to your account

Log in with GOOGLE


If you do not have an external account, but do have a local account, you can still log in:

  1. Home
  2. MARC view: Human resource development
Normal view MARC view ISBD view

Human resource development (Record no. 367456)

[ view plain ]
MARC details
000 -LEADER
fixed length control field 00806nam a22002417a 4500
003 - CONTROL NUMBER IDENTIFIER
control field 0
005 - DATE AND TIME OF LATEST TRANSACTION
control field 20250506170923.0
008 - FIXED-LENGTH DATA ELEMENTS--GENERAL INFORMATION
fixed length control field 250506b xxu||||| |||| 00| 0 eng d
020 ## - INTERNATIONAL STANDARD BOOK NUMBER
International Standard Book Number 9786214270767
050 ## - LIBRARY OF CONGRESS CALL NUMBER
Classification number HF 5549.5
Item number .M37 2021
100 ## - MAIN ENTRY--PERSONAL NAME
Personal name Marcelo, Danilo F.
245 ## - TITLE STATEMENT
Title Human resource development
Statement of responsibility, etc Danilo F. Marcelo, Jr. , Maria FeSocan-Marcelo, Erico Roy A. Lopez
260 ## - PUBLICATION, DISTRIBUTION, ETC. (IMPRINT)
Place of publication, distribution, etc Manila
Name of publisher, distributor, etc Unlimited Books Library Services & Publishing Inc.
Date of publication, distribution, etc c2021
300 ## - PHYSICAL DESCRIPTION
Extent xii, 282 pages ;
Dimensions 26cm.
504 ## - BIBLIOGRAPHY, ETC. NOTE
Bibliography, etc Includes bibliographical references.
650 ## - SUBJECT ADDED ENTRY--TOPICAL TERM
Topical term or geographic name as entry element Employees—Training of.
650 ## - SUBJECT ADDED ENTRY--TOPICAL TERM
Topical term or geographic name as entry element Personnel management.
650 ## - SUBJECT ADDED ENTRY--TOPICAL TERM
Topical term or geographic name as entry element Human capital—Development.
650 ## - SUBJECT ADDED ENTRY--TOPICAL TERM
Topical term or geographic name as entry element Career development.
700 ## - ADDED ENTRY--PERSONAL NAME
Personal name Marcelo, Maria Fe Socan
700 ## - ADDED ENTRY--PERSONAL NAME
Personal name Lopez, Erico Roy A.
942 ## - ADDED ENTRY ELEMENTS (KOHA)
Source of classification or shelving scheme Library of Congress Classification
Koha item type Books
Holdings
Withdrawn status Lost status Source of classification or shelving scheme Damaged status Home library Current library Shelving location Date acquired Source of acquisition Sub Shelving location Total Checkouts Full call number Barcode Date last seen Price effective from Koha item type
    Library of Congress Classification   College Library College Library Filipiniana Section 05/06/2025 Library Fund     HF 5549.5 .M37 2021 C24533 05/06/2025 05/06/2025 Books
    Library of Congress Classification   College Library College Library Filipiniana Section 05/06/2025 Library Fund     HF 5549.5 .M37 2021 C24532 05/06/2025 05/06/2025 Books
    Library of Congress Classification   College Library College Library Filipiniana Section 05/06/2025 Library Fund     HF 5549.5 .M37 2021 C24531 05/06/2025 05/06/2025 Books

Human resource development

APA

Marcelo D. F., Marcelo M. F. S. & Lopez E. R. A. (2021). Human resource development. Manila: Unlimited Books Library Services & Publishing Inc.

Chicago

Marcelo Danilo F, Marcelo Maria Fe Socan and Lopez Erico Roy A. 2021. Human resource development. Manila: Unlimited Books Library Services & Publishing Inc.

Harvard

Marcelo D. F., Marcelo M. F. S. and Lopez E. R. A. (2021). Human resource development. Manila: Unlimited Books Library Services & Publishing Inc.

MLA

Marcelo Danilo F, Marcelo Maria Fe Socan and Lopez Erico Roy A. Human resource development. Manila: Unlimited Books Library Services & Publishing Inc. 2021.

  • Place hold
  • Print
  • Cite
  • Add to your cart (remove)
  • Save record
    BIBTEX Dublin Core MARCXML MARC (non-Unicode/MARC-8) MARC (Unicode/UTF-8) MARC (Unicode/UTF-8, Standard) MODS (XML) RIS
  • More searches
    Search for this title in:
    Other Libraries (WorldCat) Other Databases (Google Scholar) Online Stores (Bookfinder.com) Open Library (openlibrary.org)

Exporting to Dublin Core...

SOUTHVILLE LIBRARY

Southville International School and Colleges Library

1281 Tropical Ave. Cor. Luxembourg St., BF Homes International, Las Pinas City

Tel. No. 8256374 / 252358 Loc. 117/146

Powered by Koha